|
|
|
|
| LEADER |
00000cam a2200000 7i4500 |
| 001 |
0000166321 |
| 005 |
20120927.0 |
| 020 |
|
|
|a 1410441334
|
| 020 |
|
|
|a 9781410441331
|
| 090 |
0 |
0 |
|a 359.0092
|b WAS
|
| 100 |
1 |
|
|a Wasdin, Howard E
|
| 245 |
1 |
0 |
|a SEAL team six
|c Howard E. Wasdin
|
| 260 |
|
|
|a Detroit :
|b Gale Cengage Learning ,
|c 2011
|
| 300 |
|
|
|a 501p. ;
|c 22cm.
|
| 600 |
0 |
0 |
|a Wasdin, Howard E
|
| 650 |
0 |
0 |
|a Homelessness
|z United States
|x Anecdotes
|
| 650 |
0 |
0 |
|a Snipers
|z United States
|x Biography
|
| 650 |
0 |
0 |
|a United States. Navy. SEALs
|x Biography
|
| 650 |
0 |
0 |
|a United States. Navy
|x Commando troops
|x Biography
|
| 999 |
|
|
|a 00265966
|b BUKU
|c PINJAMAN
|e PERPUSTAKAAN KOMUNITI PETALING JAYA
|